[Event "Dutch Open-ch 2019"]
[Site "Dieren"]
[Date "2019.07.27"]
[Round "5.4"]
[White "Zwirs, Nico"]
[Black "Pruijssers, Roeland"]
[Result "0-1"]
[WhiteElo "2380"]
[BlackElo "2534"]
[Annotator "TA"]
[PlyCount "74"]
[EventDate "2019.07.23"]
[EventType "swiss"]
[EventCountry "NED"]
[SourceTitle "playchess.com"]
[Source "ChessBase"]
[SourceQuality "1"]

{[%evp 20,109,72,75,67,58,62,62,68,23,29,16,15,0,3,0,0,-24,-26,-26,-26,-35,-28,-30,-9,-38,-36,-31,-26,-65,-48,-66,-67,-76,0,0,0,-27,-25,-45,-25,-25,-25,-25,-25,-25,-25,-25,-8,-159,-150,-165,-160,-149,-128,-226,-165,-449,-469,-449,-448,-431,-393,-839,-839,-795,-788,-752,-743,-988,-1000,-988,-988,-914,-912,-860,-820,-29961,-29964,-29955,-12359,-29984,-29985,-29984,-29985,-29987,-29988,-29988,-29989,-29989,-29990,-29999]} 1. d4 f5 2. c4 Nf6 3. Nc3 d6 4. Nf3 g6 5. g3 Bg7 6. Bg2 O-O 7. O-O Nc6 8. d5 Ne5 9. Nxe5 dxe5 10. Qb3 Kh8 11. Rd1 a6 {A89: Dutch Defence: Leningrad System: 5 Nf3 0-0 6 0-0 d6 7 Nc3 Nc6} 12. Bd2 (12. c5 Rb8 13. Qa3 h6 14. b3 g5 15. Bb2 Qe8 16. d6 exd6 17. cxd6 cxd6 18. Rxd6 Qh5 19. Rad1 {1-0 (29) Bacrot,E (2689)-Shabalov,A (2563) London 2016}) 12... Qe8 13. Rac1 Rb8 {White is slightly better.} 14. c5 {[#]} Bd7 $146 ({Predecessor:} 14... h6 15. Be1 g5 16. a4 e4 17. c6 b6 18. a5 b5 19. Qb4 Ra8 20. Qc5 Ng4 21. h3 Ne5 22. b3 Nf7 23. f3 exf3 24. exf3 Nd6 25. Bf2 Qf7 {½-½ (25) Penafiel,H (2193)-Claverie,R (2519) Buenos Aires 2019}) 15. Qc4 Qf7 16. Qb4 c6 {[%cal Rc6d5]} 17. dxc6 Bxc6 18. Qb3 Qxb3 19. axb3 e4 20. Bf4 Rbd8 21. f3 Nd5 (21... Kg8 {keeps more tension.} 22. b4 exf3 23. exf3 Nd5 24. Nxd5 Rxd5 25. Rxd5 Bxd5 26. Rd1 Bc6) 22. Nxd5 Rxd5 23. Rxd5 Bxd5 24. fxe4 fxe4 25. Rd1 e6 $1 26. Rd2 {[#]} Kg8 (26... a5 $1 $17) 27. b4 $1 $11 Rc8 28. Kf2 {[#]} a5 $1 {[%mdl 512]} 29. Bh3 {Rxd5! is the strong threat.} (29. bxa5 Rxc5) 29... Rf8 {And now ...g5 would win.} 30. Ke3 axb4 31. Bg2 Rc8 32. Bxe4 Rxc5 33. Bxd5 exd5 {[%mdl 4096] Endgame KRB-KRB} 34. Kd3 $2 {[#]} (34. Kf3 $11) 34... b3 $1 $17 35. e4 Kf7 36. Re2 b5 37. Rf2 (37. exd5 $17 {is a better defense.} Rxd5+ 38. Ke4) 37... Ke6 {Played: Rc5-c2} 0-1

[Event "Dutch Open-ch 2019"]
[Site "Dieren"]
[Date "2019.07.27"]
[Round "5.5"]
[White "Maris, Ivo"]
[Black "Ikonnikov, Vyacheslav"]
[Result "1/2-1/2"]
[WhiteElo "2399"]
[BlackElo "2499"]
[Annotator "ChessBase"]
[PlyCount "62"]
[EventDate "2019.07.23"]
[EventType "swiss"]
[EventCountry "NED"]
[SourceTitle "playchess.com"]
[Source "ChessBase"]
[SourceQuality "1"]
[TimeControl "40/5400+30:1800+30"]

1. g3 {[%emt 0:03:09]} d5 {[%emt 0:02:04]} 2. Bg2 {[%emt 0:00:17]} c6 {[%emt 0:00:30]} 3. Nf3 {[%emt 0:02:03]} Nf6 {[%emt 0:02:08]} 4. O-O {[%emt 0:00:13]} g6 {[%emt 0:01:29]} 5. d3 {[%emt 0:06:10]} Bg7 {[%emt 0:00:46]} 6. Nbd2 {[%emt 0:00:49]} O-O {[%emt 0:03:57]} 7. Re1 {[%emt 0:02:07]} Nbd7 {[%emt 0:04:16]} 8. a4 {[%emt 0:07:17]} Nc5 {[%emt 0:07:24]} 9. a5 {[%emt 0:04:10]} Bg4 {[%emt 0:03:31]} 10. Ne5 {[%emt 0:13:04]} Be6 {[%emt 0:02:13]} 11. a6 {[%emt 0:00:43]} Nxa6 {[%emt 0:01:55]} 12. Nxc6 {[%emt 0:00:40]} Qc7 {[%emt 0:02:22]} 13. Nd4 {[%emt 0:00:46]} Bd7 {[%emt 0:00:16]} 14. c3 {[%emt 0:06:17]} Nc5 {[%emt 0:11:01]} 15. b4 {[%emt 0:11:10]} Ne6 {[%emt 0:00:32]} 16. Nxe6 {[%emt 0:00:33]} Bxe6 {[%emt 0:00:08]} 17. Bb2 {[%emt 0:00:14]} a6 {[%emt 0:01:50]} 18. e4 {[%emt 0:04:10]} dxe4 {[%emt 0:01:53]} 19. Nxe4 {[%emt 0:00:47]} Rad8 {[%emt 0:08:27]} 20. Qe2 {[%emt 0:02:57]} Bd5 {[%emt 0:07:11]} 21. Nc5 {[%emt 0:06:29]} Bxg2 {[%emt 0:14:41]} 22. Kxg2 {[%emt 0:00:14]} Nd7 {[%emt 0:06:33]} 23. Qxe7 {[%emt 0:04:20]} Qc6+ {[%emt 0:00:12]} 24. Qe4 {[%emt 0:00:22]} Nxc5 {[%emt 0:00:06]} 25. Qxc6 {[%emt 0:01:04]} bxc6 {[%emt 0:00:06]} 26. bxc5 {[%emt 0:00:03]} Rxd3 {[%emt 0:00:05]} 27. Rxa6 {[%emt 0:00:33]} Rc8 {[%emt 0:00:20]} 28. Rea1 {[%emt 0:07:25]} Bf8 {[%emt 0:01:05]} 29. Ra8 {[%emt 0:01:37]} Rdd8 {[%emt 0:00:08]} 30. Rxc8 {[%emt 0:00:42]} Rxc8 {[%emt 0:00:06]} 31. c4 {[%emt 0:01:55]} Bxc5 {[%emt 0:00:33]} 1/2-1/2

[Event "Dutch Open-ch 2019"]
[Site "Dieren"]
[Date "2019.07.27"]
[Round "5.6"]
[White "Vrolijk, Liam"]
[Black "Odendahl, Reiner"]
[Result "0-1"]
[WhiteElo "2478"]
[BlackElo "2352"]
[Annotator "ChessBase"]
[PlyCount "68"]
[EventDate "2019.07.23"]
[EventType "swiss"]
[EventCountry "NED"]
[SourceTitle "playchess.com"]
[Source "ChessBase"]
[SourceQuality "1"]
[TimeControl "40/5400+30:1800+30"]

1. c4 {[%emt 0:00:18]} g6 {[%emt 0:00:00]} 2. d4 {[%emt 0:00:51]} Bg7 {[%emt 0:00:15]} 3. e4 {[%emt 0:00:20]} d6 {[%emt 0:00:30]} 4. Nc3 {[%emt 0:00:14]} Nf6 {[%emt 0:00:29]} 5. h3 {[%emt 0:02:06]} O-O {[%emt 0:00:22]} 6. Be3 {[%emt 0:00:12]} c5 {[%emt 0:04:23]} 7. Nf3 {[%emt 0:00:22]} cxd4 {[%emt 0:01:06]} 8. Nxd4 {[%emt 0:00:08]} b6 {[%emt 0:04:16]} 9. g4 {[%emt 0:03:43]} Bb7 {[%emt 0:01:18]} 10. f3 {[%emt 0:00:32]} Nc6 {[%emt 0:03:43]} 11. Qd2 {[%emt 0:05:06]} Rc8 {[%emt 0:06:27]} 12. O-O-O {[%emt 0:03:44]} Ne5 {[%emt 0:03:12]} 13. b3 {[%emt 0:03:10]} b5 {[%emt 0:13:16]} 14. Ncxb5 {[%emt 0:10:49]} Nxf3 {[%emt 0:02:23]} 15. Nxf3 {[%emt 0:01:03]} Nxe4 {[%emt 0:00:09]} 16. Qb4 {[%emt 0:13:25]} Nc3 {[%emt 0:04:40]} 17. Nxc3 {[%emt 0:07:11]} Bxf3 {[%emt 0:00:23]} 18. Rh2 {[%emt 0:09:31]} a5 {[%emt 0:00:34]} 19. Qb6 {[%emt 0:02:50]} Bxc3 {[%emt 0:01:20]} 20. Be2 {[%emt 0:00:37]} Be4 {[%emt 0:04:23]} 21. Bd3 {[%emt 0:00:55]} Bf3 {[%emt 0:04:59]} 22. Be2 {[%emt 0:02:14]} Bc6 {[%emt 0:01:29]} 23. Kc2 {[%emt 0:01:46]} Be5 {[%emt 0:00:43]} 24. Rf2 {[%emt 0:00:07]} Qd7 {[%emt 0:01:23]} 25. Bf3 {[%emt 0:02:20]} Bxf3 {[%emt 0:03:57]} 26. Rxf3 {[%emt 0:00:09]} Rb8 {[%emt 0:00:10]} 27. Qxa5 {[%emt 0:01:52]} Qc6 {[%emt 0:05:39]} 28. Qd5 {[%emt 0:02:51]} Qa6 {[%emt 0:00:09]} 29. a4 {[%emt 0:00:08]} Rxb3 {[%emt 0:04:29]} 30. Kxb3 {[%emt 0:03:01]} Rb8+ {[%emt 0:00:13]} 31. Kc2 {[%emt 0:04:49]} e6 {[%emt 0:01:01]} 32. Qe4 {[%emt 0:02:55]} Rb2+ {[%emt 0:00:41]} 33. Kd3 {[%emt 0:00:05]} Qxa4 {[%emt 0:00:16]} 34. Rd2 {[%emt 0:03:33]} d5 {[%emt 0:02:01]} 0-1

[Event "Dutch Open-ch 2019"]
[Site "Dieren"]
[Date "2019.07.27"]
[Round "5.7"]
[White "Lai, Hing Ting"]
[Black "Sharma, Dinesh K."]
[Result "1/2-1/2"]
[WhiteElo "2460"]
[BlackElo "2299"]
[Annotator "ChessBase"]
[PlyCount "53"]
[EventDate "2019.07.23"]
[EventType "swiss"]
[EventCountry "NED"]
[SourceTitle "playchess.com"]
[Source "ChessBase"]
[SourceQuality "1"]
[TimeControl "40/5400+30:1800+30"]

1. Nf3 d5 2. g3 c6 3. Bg2 Bg4 4. O-O Nd7 5. d3 Ngf6 6. Nbd2 e5 7. e4 dxe4 8. dxe4 Bc5 9. h3 Bh5 10. a4 O-O 11. Qe1 Ne8 12. Nc4 f6 13. Nh4 Bf7 14. Ne3 a5 15. Qe2 Nd6 16. Nhf5 Nxf5 17. Nxf5 Nb6 18. h4 Be6 19. h5 Bxf5 20. exf5 h6 21. Bd2 Qe7 22. Rad1 Kh8 23. b3 Rfd8 24. Be4 Bb4 25. c3 Bc5 26. Bc1 Rxd1 27. Rxd1 1/2-1/2

[Event "Dutch Open-ch 2019"]
[Site "Dieren"]
[Date "2019.07.27"]
[Round "5.8"]
[White "Grooten, Herman"]
[Black "Buckels, Valentin"]
[Result "0-1"]
[WhiteElo "2310"]
[BlackElo "2451"]
[Annotator "ChessBase"]
[PlyCount "84"]
[EventDate "2019.07.23"]
[EventType "swiss"]
[EventCountry "NED"]
[SourceTitle "playchess.com"]
[Source "ChessBase"]
[SourceQuality "1"]
[TimeControl "40/5400+30:1800+30"]

1. d4 {[%emt 0:00:00]} Nf6 {[%emt 0:25:40]} 2. c4 {[%emt 0:00:00]} e6 {[%emt 0:00:03]} 3. Nf3 {[%emt 0:00:00]} Bb4+ {[%emt 0:00:04]} 4. Nbd2 {[%emt 0:00:02]} a5 {[%emt 0:00:05]} 5. a3 {[%emt 0:00:24]} Be7 {[%emt 0:00:05]} 6. e4 {[%emt 0:01:10]} d5 {[%emt 0:00:05]} 7. e5 {[%emt 0:00:30]} Nfd7 {[%emt 0:00:04]} 8. Bd3 {[%emt 0:01:40]} c5 {[%emt 0:00:04]} 9. O-O {[%emt 0:01:48]} Nc6 {[%emt 0:00:45]} 10. Re1 {[%emt 0:01:32]} cxd4 {[%emt 0:01:33]} 11. Nb3 {[%emt 0:05:57]} dxc4 {[%emt 0:13:10]} 12. Bxc4 {[%emt 0:00:16]} Nb6 {[%emt 0:06:38]} 13. Bd3 {[%emt 0:02:21]} Nd5 {[%emt 0:05:27]} 14. Qc2 {[%emt 0:04:22]} Qb6 {[%emt 0:01:43]} 15. Re4 {[%emt 0:13:34]} f5 {[%emt 0:03:19]} 16. exf6 {[%emt 0:02:32]} Nxf6 {[%emt 0:00:11]} 17. Rh4 {[%emt 0:00:42]} e5 {[%emt 0:04:32]} 18. Bg6+ {[%emt 0:07:18]} Kd8 {[%emt 0:00:24]} 19. Ng5 {[%emt 0:11:18]} Rf8 {[%emt 0:09:26]} 20. Bf7 {[%emt 0:07:11]} h6 {[%emt 0:03:09]} 21. Ne6+ {[%emt 0:00:50]} Bxe6 {[%emt 0:00:06]} 22. Bxe6 {[%emt 0:00:04]} Kc7 {[%emt 0:01:45]} 23. Nd2 {[%emt 0:04:27]} Nd7 {[%emt 0:05:28]} 24. Nc4 {[%emt 0:21:15]} Qc5 {[%emt 0:00:21]} 25. Bxd7 {[%emt 0:03:29]} Bxh4 {[%emt 0:00:39]} 26. Bxc6 {[%emt 0:02:34]} bxc6 {[%emt 0:06:42]} 27. Bd2 {[%emt 0:01:52]} Rxf2 {[%emt 0:03:11]} 28. Qa4 {[%emt 0:02:56]} Qd5 {[%emt 0:04:51]} 29. Bxa5+ {[%emt 0:00:19]} Rxa5 {[%emt 0:00:20]} 30. Qxa5+ {[%emt 0:00:28]} Qxa5 {[%emt 0:00:02]} 31. Nxa5 {[%emt 0:00:08]} Rc2 {[%emt 0:01:43]} 32. b3 {[%emt 0:01:56]} e4 {[%emt 0:00:35]} 33. g3 {[%emt 0:00:43]} Bf6 {[%emt 0:01:58]} 34. Nc4 {[%emt 0:00:43]} d3 {[%emt 0:01:02]} 35. Rd1 {[%emt 0:01:03]} Bd4+ {[%emt 0:00:18]} 36. Kh1 {[%emt 0:00:47]} Rxc4 {[%emt 0:00:31]} 37. bxc4 {[%emt 0:00:05]} e3 {[%emt 0:00:03]} 38. Rxd3 {[%emt 0:00:51]} e2 {[%emt 0:00:04]} 39. Rxd4 {[%emt 0:00:08]} e1=Q+ {[%emt 0:00:06]} 40. Kg2 {[%emt 0:00:02]} Qe2+ {[%emt 0:00:24]} 41. Kh3 {[%emt 0:30:09]} Qf1+ {[%emt 0:30:08]} 42. Kg4 {[%emt 0:00:23]} h5+ {[%emt 0:00:04]} 0-1

[Event "Dutch Open-ch 2019"]
[Site "Dieren"]
[Date "2019.07.27"]
[Round "5.9"]
[White "Kolbus, Dietmar"]
[Black "Hausrath, Daniel"]
[Result "0-1"]
[WhiteElo "2281"]
[BlackElo "2468"]
[Annotator "TA"]
[PlyCount "134"]
[EventDate "2019.07.23"]
[EventType "swiss"]
[EventCountry "NED"]
[SourceTitle "playchess.com"]
[Source "ChessBase"]
[SourceQuality "1"]

{[%evp 15,134,22,49,45,64,14,17,22,3,3,12,12,41,16,16,16,16,21,70,31,34,12,22,21,7,0,174,0,8,10,12,-34,47,25,25,0,0,-58,-58,-58,-58,-54,0,-68,-46,-75,-61,-71,-70,-69,-48,-78,-78,-79,-65,-81,-61,-57,-82,-82,-82,-82,-82,-82,-82,-82,-82,-83,-82,-83,-82,-89,-82,-85,-82,-89,-83,-84,0,-89,-89,-89,-82,-107,-86,-89,-89,-89,-89,-107,-89,-107,-107,-117,-118,-143,-143,-250,-89,-89,-89,-89,-89,-175,-145,-147,-111,-92,-46,-1277,-1277,-1162,-1071,-29983,-29982,-29984,-29985,-29985,-29986,-29986,-29987]} 1. d4 Nf6 2. c4 g6 3. Nc3 Bg7 4. e4 d6 5. f3 O-O 6. Be3 a6 7. Nge2 c6 8. a4 a5 9. Qd2 {E81: King's Indian: Sämisch: 6th move deviations (including 6 Be3 c6)} (9. Ng3 Na6 10. Be2 Qc7 11. O-O e5 12. d5 h5 13. Qd2 h4 14. Nh1 Nh5 15. Nf2 f5 16. Nd3 f4 {1-0 (39) Carlsen,M (2881)-Polgar,J (2685) Dubai 2014}) 9... Na6 10. Nc1 Nd7 11. Be2 {The position is equal.} e5 12. d5 Ndc5 13. O-O Qe7 14. Ra3 $146 ({Predecessor:} 14. Rd1 Rd8 15. Ra3 f5 16. Nd3 {½-½ (67) Olsen,F (2190)-Lubbe,M (2261) Fredericia 2016}) 14... f5 15. Nb3 Nxb3 16. Rxb3 c5 17. Bg5 Bf6 18. Bxf6 Rxf6 19. exf5 gxf5 20. f4 Nb4 $2 (20... e4 $11 {and Black is okay.}) 21. Nb5 $2 (21. fxe5 $18 dxe5 22. Qg5+ Qg7 23. Ne4 Qxg5 24. Nxg5) 21... Bd7 22. Rg3+ Kh8 23. Nc3 Rg8 (23... e4 $15) 24. Rxg8+ Kxg8 25. b3 e4 26. Na2 (26. Nd1 $11) 26... Rh6 $15 27. Nxb4 axb4 28. Qe3 Qg7 ({Better is} 28... Qf6 $15) 29. Bd1 ({White should try} 29. Qg3 $1 $11) 29... Rg6 30. g3 Qd4 31. Re1 Rg7 32. Bh5 Re7 33. Kf2 Qb2+ 34. Kg1 Qf6 35. Kg2 Qh6 36. Qe2 Rg7 37. Rf1 Kf8 38. Qd1 Ke7 39. Qe2 Kd8 40. Qd1 Kc7 41. Qe2 Kb6 42. Qd1 Ka5 43. Qe2 Qf6 44. Rc1 Qd4 45. Kf1 Re7 46. Kg2 Rg7 47. Kf1 $1 Rg8 48. Kg2 Rf8 49. Qc2 Rf6 50. Re1 Qc3 51. Rc1 Rh6 52. Bd1 Qe3 53. Rb1 Be8 54. Rb2 Rf6 55. Qf2 Qc3 56. Re2 (56. Rb1 $17 {was necessary.}) 56... Rf8 $2 (56... Bh5 $19 {has better winning chances. Strongly threatening ...Bf3+.} 57. Re3 Bxd1 58. Rxc3 bxc3) 57. Re3 Qd4 58. Qe1 Bf7 59. Kf2 (59. h3 $17) 59... b5 $19 60. axb5 Kb6 61. Kg2 Ra8 {[%mdl 1024] [#] ...Ra1 is the strong threat. Black has strong compensation.} 62. Re2 $2 {[%mdl 8192]} (62. g4 $15) 62... Ra1 63. Rd2 Qc3 64. Qe2 {[#]} Bh5 $1 {[%mdl 576] Deflection. Black mates.} 65. Qxh5 Qxd2+ {[%mdl 64] Double Attack} 66. Kh3 Qxd1 67. Qxf5 h5 {Accuracy: White = 32%, Black = 55%.} 0-1

[Event "Dutch Open-ch 2019"]
[Site "Dieren"]
[Date "2019.07.27"]
[Round "5.10"]
[White "Das, Arghyadip"]
[Black "Ojas Kulkarni"]
[Result "1-0"]
[WhiteElo "2439"]
[BlackElo "2251"]
[Annotator "NA"]
[PlyCount "63"]
[EventDate "2019.07.23"]
[EventType "swiss"]
[EventCountry "NED"]
[SourceTitle "playchess.com"]
[Source "ChessBase"]
[SourceQuality "1"]
[TimeControl "40/5400+30:1800+30"]

1. e4 {[%emt 0:00:00]} e5 {[%emt 0:00:00]} 2. Nf3 {[%emt 0:00:00]} Nc6 {[%emt 0:00:00]} 3. Nc3 {[%emt 0:00:01]} Nf6 {[%emt 0:01:11]} 4. Bb5 {[%emt 0:00:05]} Bb4 {[%emt 0:00:22]} 5. O-O {[%emt 0:00:07]} O-O {[%emt 0:00:12]} 6. d3 {[%emt 0:00:02]} Bxc3 {[%emt 0:00:08]} 7. bxc3 {[%emt 0:00:04]} d6 {[%emt 0:00:07]} 8. Bg5 {[%emt 0:00:09]} Qe7 {[%emt 0:01:51]} 9. Re1 {[%emt 0:00:07]} Nd8 {[%emt 0:01:48]} 10. d4 {[%emt 0:02:16]} Ne6 {[%emt 0:00:51]} 11. Bd2 {[%emt 0:05:39]} c6 {[%emt 0:04:49]} 12. Bf1 {[%emt 0:04:49]} Nc7 {[%emt 0:00:31]} 13. h3 {[%emt 0:05:51]} h6 {[%emt 0:00:15]} 14. Bd3 {[%emt 0:06:38]} Re8 {[%emt 0:07:22]} 15. a4 {[%emt 0:07:04]} Nd7 {[%emt 0:01:32]} 16. Nh2 {[%emt 0:10:03]} Ne6 {[%emt 0:01:36]} 17. Be3 {[%emt 0:06:17]} Nf6 {[%emt 0:04:49]} 18. Nf1 {[%emt 0:02:06]} c5 {[%emt 0:03:11]} 19. Ng3 {[%emt 0:01:43]} cxd4 {[%emt 0:00:46]} 20. Nf5 {[%emt 0:02:27]} Qc7 {[%emt 0:00:06]} 21. cxd4 {[%emt 0:00:08]} Nxd4 {[%emt 0:00:06]} 22. Nxd4 {[%emt 0:00:15]} exd4 {[%emt 0:00:04]} 23. Bxd4 {[%emt 0:00:03]} Nd7 {[%emt 0:00:04]} 24. Re3 {[%emt 0:05:21]} Ne5 {[%emt 0:18:26]} 25. Rg3 {[%emt 0:01:21]} f6 {[%emt 0:00:07]} 26. f4 {[%emt 0:12:06]} Nxd3 {[%emt 0:00:09]} 27. cxd3 {[%emt 0:00:03]} Qf7 {[%emt 0:02:53]} 28. f5 {[%emt 0:00:39]} d5 {[%emt 0:02:23]} 29. Rg6 {[%emt 0:03:41]} Kf8 {[%emt 0:02:00]} 30. Qh5 {[%emt 0:02:20]} Qe7 {[%emt 0:02:11]} 31. Bxf6 {[%emt 0:02:22]} Qc5+ {[%emt 0:01:23]} 32. d4 {[%emt 0:00:18]} 1-0

[Event "Dutch Open-ch 2019"]
[Site "Dieren"]
[Date "2019.07.27"]
[Round "5.11"]
[White "Elgersma, Onno"]
[Black "Bosboom, Manuel"]
[Result "0-1"]
[WhiteElo "2232"]
[BlackElo "2418"]
[Annotator "NA"]
[PlyCount "66"]
[EventDate "2019.07.23"]
[EventType "swiss"]
[EventCountry "NED"]
[SourceTitle "playchess.com"]
[Source "ChessBase"]
[SourceQuality "1"]
[TimeControl "40/5400+30:1800+30"]

1. e4 {[%emt 0:00:00]} d6 {[%emt 0:00:00]} 2. d4 {[%emt 0:00:38]} Nf6 {[%emt 0:00:00]} 3. Nc3 {[%emt 0:00:24]} e5 {[%emt 0:00:15]} 4. Nf3 {[%emt 0:02:50]} Nbd7 {[%emt 0:00:10]} 5. Bc4 {[%emt 0:00:57]} Be7 {[%emt 0:00:10]} 6. O-O {[%emt 0:00:33]} O-O {[%emt 0:01:47]} 7. Re1 {[%emt 0:01:39]} a6 {[%emt 0:05:04]} 8. a4 {[%emt 0:02:33]} b6 {[%emt 0:01:01]} 9. h3 {[%emt 0:13:33]} Bb7 {[%emt 0:03:24]} 10. Qd3 {[%emt 0:08:00]} c6 {[%emt 0:11:29]} 11. Ba2 {[%emt 0:14:18]} b5 {[%emt 0:22:46]} 12. b4 {[%emt 0:14:41]} a5 {[%emt 0:21:07]} 13. axb5 {[%emt 0:09:07]} axb4 {[%emt 0:00:37]} 14. bxc6 {[%emt 0:02:05]} Bxc6 {[%emt 0:03:52]} 15. Qc4 {[%emt 0:13:03]} Rc8 {[%emt 0:11:35]} 16. Qxb4 {[%emt 0:00:15]} Nxe4 {[%emt 0:01:59]} 17. Nxe4 {[%emt 0:06:48]} Bxe4 {[%emt 0:00:17]} 18. dxe5 {[%emt 0:00:49]} Bxf3 {[%emt 0:01:34]} 19. gxf3 {[%emt 0:07:17]} dxe5 {[%emt 0:01:42]} 20. Qe4 {[%emt 0:00:00]} Nf6 {[%emt 0:04:19]} 21. Qf5 {[%emt 0:00:00]} Bb4 {[%emt 0:02:27]} 22. Rf1 {[%emt 0:00:00]} g6 {[%emt 0:01:45]} 23. Qg5 {[%emt 0:00:00]} Rxc2 {[%emt 0:00:36]} 24. Be3 {[%emt 0:00:00]} Bc5 {[%emt 0:01:04]} 25. Bxc5 {[%emt 0:00:12]} Rxc5 {[%emt 0:00:01]} 26. Rfc1 {[%emt 0:01:37]} Rxc1+ {[%emt 0:00:53]} 27. Rxc1 {[%emt 0:00:05]} Qd6 {[%emt 0:00:21]} 28. Re1 {[%emt 0:00:42]} Re8 {[%emt 0:00:04]} 29. Bb3 {[%emt 0:01:14]} Kg7 {[%emt 0:00:10]} 30. Rd1 {[%emt 0:00:47]} Qb4 {[%emt 0:00:27]} 31. Qe3 {[%emt 0:00:41]} Re7 {[%emt 0:00:01]} 32. Kg2 {[%emt 0:00:28]} Nh5 {[%emt 0:00:07]} 33. Rd5 {[%emt 0:00:38]} Nf4+ {[%emt 0:00:11]} 0-1

[Event "Dutch Open-ch 2019"]
[Site "Dieren"]
[Date "2019.07.27"]
[Round "5.12"]
[White "Mohite, Ranveer"]
[Black "Maatman, Nick"]
[Result "0-1"]
[WhiteElo "2229"]
[BlackElo "2407"]
[Annotator "TA"]
[PlyCount "126"]
[EventDate "2019.07.23"]
[EventType "swiss"]
[EventCountry "NED"]
[SourceTitle "playchess.com"]
[Source "ChessBase"]
[SourceQuality "1"]

{[%evp 13,126,-16,-14,-36,-11,-41,0,0,4,-78,-23,-21,-20,-9,-11,-25,-25,-25,-25,-47,-42,-45,-51,-68,-14,-53,-52,-85,-78,-82,-73,-84,8,8,8,8,311,-26,-26,-38,-32,-35,0,0,0,0,0,0,0,0,0,0,0,0,0,0,0,-114,-107,-117,-117,-67,-90,-135,-130,-183,0,-2,-15,-62,-54,-47,-35,-35,0,-35,0,-35,-35,-40,-42,-106,-103,-115,-151,-500,-431,-1030,-981,-941,-914,-5193,-5084,-4902,-4898,-1365,0,-244,0,-1103,0,0,0,0,0,0,0,0,0,0,0,-1602,29988,-1599,-1180]} 1. e4 e6 2. d4 d5 3. Nc3 Bb4 4. e5 Ne7 5. a3 Bxc3+ 6. bxc3 c5 7. h4 Qc7 8. h5 {C18: French: 3 Nc3 Bb4: Main line: 7 h4 and 7 Qg4} h6 9. Bd2 (9. Nf3 b6 10. a4 Ba6 11. Bb5+ Bxb5 12. axb5 a5 13. bxa6 Rxa6 14. Rxa6 Nxa6 15. Qd3 Nb8 16. O-O Nd7 17. Bf4 O-O 18. Ra1 {1-0 (41) Karjakin,S (2782)-So,W (2778) Paris 2018}) 9... b6 10. Qg4 {The position is equal.} Kf8 11. Nh3 $146 (11. Bd3 $11) ({Predecessor:} 11. Bd3 Ba6 12. Nf3 Bxd3 13. cxd3 Nbc6 14. O-O Kg8 15. dxc5 Nxe5 16. Nxe5 Qxe5 17. cxb6 axb6 {½-½ (51) Nitin,S (2422)-Sivuk,V (2550) Chennai 2018}) 11... Ba6 (11... cxd4 $1 $17 12. cxd4 Qxc2) 12. Bxa6 Nxa6 13. Qe2 Nb8 14. O-O Nbc6 15. Qd3 Na5 16. Rad1 Rc8 17. f4 Ke8 18. Qf3 g6 (18... Nc4 $15 19. Bc1 Na5) 19. hxg6 fxg6 ({And not} 19... Nxg6 20. Qh5 $16) 20. f5 gxf5 21. Nf4 Kd7 22. Be1 c4 (22... Qc6 $17) 23. Bh4 $11 Nac6 24. Qh5 $36 {[%mdl 2048] White fights for an advantage.} Rh7 $2 {[%mdl 8192] [#]} (24... Qd8 $11 {and Black has nothing to worry.}) 25. Rf3 $2 (25. Nxe6 $1 $18 {[%mdl 512]} Kxe6 26. Rxf5 $1 {[%mdl 512]}) 25... Rg8 26. Rdf1 Qc8 27. Bf6 Qe8 28. Qxe8+ Rxe8 29. Rg3 Rg8 30. Rff3 Rg4 31. Nh5 Rxg3 32. Rxg3 {aiming for Bg7.} Rf7 33. Kf2 a5 {[%cal Ba7a5,Ba5a4][%mdl 32]} 34. Nf4 Na7 35. Ke2 (35. Bxe7 $11 Rxe7 36. Rg8) 35... a4 $1 $17 36. Bxe7 Rxe7 {[%mdl 4096] Endgame KRN-KRN} 37. Rg8 Nb5 $1 {[%csl LRa3,LRc3]} 38. Kd2 Nxa3 39. Ra8 (39. Ng6 $17 {might work better.}) 39... Nb5 $2 (39... Nb1+ $19 40. Ke3 a3 41. Ra7+ Ke8) 40. Rxa4 $11 Rg7 41. Ra8 Rg4 42. Ke3 Rg3+ 43. Kd2 Rg4 44. Ke3 Rg3+ 45. Kd2 Nxc3 {...Nb5 is the strong threat.} 46. Ra7+ Kc8 {Threatens to win with ...Nb5.} 47. Nxe6 {[#]} (47. Re7 $15) 47... Nb5 $1 $17 {[%cal Rb5a7]} 48. Rf7 c3+ 49. Kd1 $2 (49. Ke1 $17) 49... Rxg2 $19 50. Nf4 (50. Rh7 $142) 50... Rd2+ {[%mdl 64] Double Attack} 51. Ke1 Nxd4 52. e6 Nxc2+ 53. Kf1 Ne3+ 54. Ke1 Nc2+ $2 (54... Rd1+ 55. Ke2 c2 56. Rf8+ Kc7) 55. Kf1 Ne3+ 56. Ke1 {intending Rf8+.} Kd8 $2 (56... Rd1+ $19 57. Ke2 c2 58. Rf8+ Kb7) 57. Rd7+ $11 Ke8 58. Nh5 $1 {[%cal Rh5f6]} Nc2+ 59. Kf1 {White threatens Nf6+ and mate.} Ne3+ 60. Ke1 {White wants to mate with Nf6+.} Nc2+ 61. Kf1 {Threatening mate with Nf6+.} Ne3+ 62. Kg1 $2 {[%mdl 8192] [#]} (62. Ke1 $11 Ng2+ 63. Kf1 Ne3+) 62... Rg2+ $1 $19 ({Wrong is} 62... Rd1+ $2 63. Kf2 $18) 63. Kh1 {Intending Nf6+ and mate.} Rg6 {Accuracy: White = 36%, Black = 52%.} 0-1